Statystyki dla Państwa świata po opisie z Wikipedii

Kliknij tutaj aby rozwiązać quiz!

Ogólne statystyki

  • Ten quiz został rozwiązany 143 razy
  • Średni wynik to 15 z 20

Statystyki odpowiedzi

OpisPaństwo% Poprawnych
10. co do wielkości państwo świata (największe w Afryce), położone w Afryce Północnej nad Morzem Śródziemnym, członek Unii Afrykańskiej. Znaczną część obszaru ___ zajmują wchodzące w skład Sahary pustynie oraz półpustynie.Algieria
100%
Małe państwo w południowo-zachodniej Europie, bez dostępu do morza. Leży w Pirenejach, granicząc od północy z Francją, a od południa z Hiszpanią.Andora
100%
Państwo położone w zachodniej Azji, na Półwyspie Arabskim. Graniczy z Irakiem, Jordanią, Kuwejtem, Omanem, Katarem, Zjednoczonymi Emiratami Arabskimi i Jemenem. Stolica znajduje się w Rijadzie.Arabia Saudyjska
100%
Państwo w Ameryce Południowej, nad południowym Atlantykiem. Graniczy z Chile na zachodzie, Boliwią i Paragwajem na północy, Brazylią i Urugwajem na północnym wschodzie. ___ rości pretensje do archipelagu Falklandów oraz części Antarktydy. Nazwa „___” pochodzi od łacińskiego argentum (srebro, plata po hiszpańsku) i jest związana z legendą o górach pełnych srebra, która była powszechna pośród pierwszych europejskich odkrywców Niziny La Platy.Argentyna
100%
Kraj na pograniczu Europy i Azji, na Kaukazie Południowym. Najstarsze państwo chrześcijańskie na świecie. ___ graniczy od północy z Gruzją, od południa z Iranem i z azerską eksklawą Nachiczewan, od wschodu z Azerbejdżanem, od zachodu z Turcją. Niepodległość uzyskała w 1991 roku w związku z rozpadem ZSRR. ___ nie ma dostępu do morza. Stolicą ___ jest obecnie Erywań, który jest też największym miastem w kraju. Od 1991 roku ___ należy do Wspólnoty Niepodległych Państw, a od 2015 roku do Euroazjatyckiej Unii Gospodarczej.Armenia
100%
Państwo demokratyczne, położone na półkuli południowej, obejmujące kontynent ___, wyspę Tasmanię i inne znacznie mniejsze wyspy na Oceanie Indyjskim i Spokojnym. Stolicą kraju jest Canberra, największym miastem jest Sydney.Australia
100%
Państwo położone w Azji Zachodniej (na pograniczu Europy i Azji) nad Morzem Kaspijskim, graniczące z Rosją, Gruzją, Armenią, Iranem oraz Turcją.Azerbejdżan
100%
Państwo o ustroju monarchicznym, położone w Azji, w Zatoce Perskiej, na archipelagu między Katarem a północno-wschodnim wybrzeżem Arabii Saudyjskiej. W 1971 roku uzyskał niepodległość. Od lat 30. XX wieku wydobywa się tam ropę naftową, a uzyskane dochody inwestuje na miejscu. Od 2002 roku panujący ___ używa tytułu król, wcześniej posługiwał się tytułem emir.Bahrajn
100%
Państwo w Azji Południowej, graniczące z zachodu, północy i wschodu z Indiami, a na południowym wschodzie z Mjanmą. Jest jednym z najgęściej zaludnionych krajów świata i zarazem jednym z najbiedniejszych państw Azji. Stolicą ___ jest Dhaka (dawna Dakka).Bangladesz
100%
Państwo federacyjne w zachodniej Europie, w południowych Niderlandach. ___ jest członkiem Unii Europejskiej, ONZ oraz NATO.Belgia
100%
Państwo w Europie Wschodniej. Graniczy z Polską (ze strony zachodniej), Litwą, Łotwą (na północy), Rosją (na wschodzie) i Ukrainą (na południu). W odróżnieniu od swoich sąsiadów nie ma dostępu do morza. Jest to największe pod względem powierzchni państwo śródlądowe w Europie.Białoruś
100%
Państwo w południowej Afryce, bez dostępu do morza. Do 1966 ___ była brytyjskim protektoratem pod nazwą Beczuana, dziś członek Unii Afrykańskiej. Graniczy z RPA (1840 km), Namibią (1360 km), Zimbabwe (813 km) i Zambią (ok. 0,09 km).Botswana
100%
Jedno z największych państw świata, obejmujące połowę Ameryki Południowej. Rozciąga się wzdłuż wybrzeża atlantyckiego oraz Amazonki. Liczy ponad 200 milionów mieszkańców, a największe aglomeracje to São Paulo i Rio de Janeiro. Na południu dominuje ludność pochodzenia europejskiego (Portugalczycy, Włosi, Niemcy, Polacy), w regionie południowo-wschodnim jest prawie równy odsetek ludzi białych i wielorasowych (Mulat, Zambo i Metys), w północno-wschodnim Mulatów (Zambo i Metysów) i czarnej jest większość, a na północno-zachodnich Indianie i ludność wielorasowa przeważają – typowo są to Metysi, mieszanka białych i tubylców. Kraj jest również domem dla znacznej mniejszości Japończyków, będąc domem dla największej japońskiej społeczności poza Japonią. Jest to kraj z największą liczbą katolików, chociaż coraz więcej jest protestantów. Podobnie jak większość krajów Ameryki Łacińskiej ___ jest średnio rozwinięta gospodarczo.Brazylia
100%
Państwo położone w południowo-wschodniej Europie, na Bałkanach. Graniczy z Serbią oraz Macedonią Północną od zachodu, Grecją i Turcją od południa, Morzem Czarnym od wschodu i Rumunią od północy.Bułgaria
100%
Państwo w Ameryce Południowej, ciągnące się długim pasem na zachodnim wybrzeżu kontynentu nad Oceanem Spokojnym. Stolicą jest Santiago. Graniczy z Peru, Boliwią i Argentyną. Do ___ należą liczne wyspy przybrzeżne i wyspy na otwartym oceanie (ok. 3 tys.): Juan Fernández, Wyspa Wielkanocna (jedna z najbardziej oddalonych od innych lądów zamieszkana wyspa na świecie), Sala y Gómez, San Ambrosio, San Félix, Chiloé, Campana, Santa Inés, Chonos.Chile
100%
Państwo w Azji Wschodniej, obejmujące historyczne ___ (bez Tajwanu) oraz Tybet i inne ziemie w Azji Środkowej zamieszkane w sumie przez 56 grup etnicznych. ___ to najludniejsze państwo świata o populacji przekraczającej 1,4 mld osób, co stanowi 18,4% populacji świata. Pod względem powierzchni jest 3. na świecie, a pod względem wielkości gospodarki 2. po USA (pod względem PKB nominalnego) i 1. pod względem PKB realnego.Chiny
100%
Państwo śródlądowe w środkowej Afryce. Graniczy od północy z Libią, od wschodu z Sudanem, od południa z Republiką Środkowoafrykańską, od południowego zachodu z Kamerunem i Nigerią, a od zachodu z Nigrem.Czad
100%
Państwo śródlądowe w Europie Środkowej. Od północy graniczy z Polską, od zachodu i północnego zachodu z Niemcami, od południa z Austrią, a od wschodu ze Słowacją.Czechy
100%
Państwo położone w Europie Północnej (Skandynawia), najmniejsze z państw nordyckich. Wraz z Grenlandią oraz Wyspami Owczymi tworzy Wspólnotowe Królestwo ___. Kontynentalna ___ graniczy od południa z Niemcami, zaś przez cieśninę Sund sąsiaduje ze Szwecją. Od 1973 ___ należy do Unii Europejskiej.Dania
100%
Państwo na wyspie o takiej samej nazwie na Morzu Karaibskim w grupie Wysp Nawietrznych (Małe Antyle), pomiędzy Gwadelupą i Martyniką.Dominika
100%
Drugie co do wielkości (po Kubie) państwo na Morzu Karaibskim. Zajmuje około 2/3 powierzchni wyspy Haiti, dzieląc ją z położonym po stronie zachodniej państwem Haiti.Dominikana
100%
Państwo we wschodniej Afryce, nad Zatoką Adeńską i cieśniną Bab al-Mandab. Graniczy z Somalią (a dokładniej z Somalilandem), Etiopią i Erytreą.Dżibuti
100%
Państwo położone w północno-wschodniej Afryce z półwyspem Synaj w zachodniej Azji. ___ graniczy z Izraelem i Palestyną (Strefą Gazy) na północnym wschodzie, Sudanem na południu i Libią na zachodzie. Od północy rozpościera się Morze Śródziemne, a na wschodzie Morze Czerwone.Egipt
100%
Państwo w Ameryce Południowej położone nad Oceanem Spokojnym, jedno z czterech powstałych w wyniku rozpadu Wielkiej Kolumbii w 1830 r. Sąsiaduje od północy z Kolumbią, a od południa z Peru. W skład ___ wchodzą także położone na Oceanie Spokojnym Wyspy Galapagos – są jego największą atrakcją turystyczną. Nazwa kraju pochodzi od hiszpańskiego słowa oznaczającego równik.Ekwador
100%
Państwo w Europie Północnej, powstałe po odłączeniu od Rosji w 1917 r.. Członek Unii Europejskiej. Graniczy od zachodu ze Szwecją, od północy z Norwegią i od wschodu z Rosją.Finlandia
100%
Państwo, którego część metropolitalna znajduje się w Europie Zachodniej, posiadające także zamorskie terytoria na innych kontynentach. ___ metropolitalna rozciąga się od Morza Śródziemnego na południu do kanału La Manche i Morza Północnego na północy, oraz od Renu na wschodzie do Zatoki Biskajskiej na zachodzie.Francja
100%
Państwo położone w środkowej Afryce nad Oceanem Atlantyckim. Graniczy z Gwineą Równikową, Kamerunem (na północy) i Kongiem (na wschodzie). Stolicą i największym miastem ___ jest Libreville.Gabon
100%
Państwo w zachodniej Afryce nad Oceanem Atlantyckim. Graniczy z Togo, Burkina Faso i Wybrzeżem Kości Słoniowej. Nazwa kraju w języku Asante oznacza „Król – Wojownik”. Pochodzi od przedkolonialnego, średniowiecznego Imperium ___, które rozciągało się na terenach dzisiejszego Mali i Mauretanii. Handel z Europejczykami został po raz pierwszy nawiązany w XV w., natomiast przedkolonialne królestwo Aszanti zachowało niepodległość do roku 1870, w którym to zostało skolonizowane przez Wielką Brytanię. Niepodległość odzyskała w roku 1957. Obecnie członek Unii Afrykańskiej i ECOWAS.Ghana
100%
Państwo położone w centralnej Afryce. Jest to jedno z najmniejszych państw tego kontynentu oraz jedyne, gdzie językiem urzędowym jest hiszpański. W czasach kolonialnych występowało pod nazwą Gwinea Hiszpańska. Graniczy od północy z Kamerunem oraz od południa i wschodu z Gabonem. Wybrzeża państwa oblewają wody Zatoki Gwinejskiej będącej częścią Oceanu Atlantyckiego. Wody terytorialne od zachodu dzieli z Wyspami Świętego Tomasza i Książęcą oddalonymi od niej o ok. 230 km.Gwinea Równikowa
100%
Państwo w Ameryce Środkowej, na Karaibach, zajmujące zachodnią część wyspy ___, w archipelagu Wielkich Antyli, którą dzieli z Dominikaną. Na zachodzie i południu otoczone jest przez Morze Karaibskie, a na północy przez Ocean Atlantycki. Powierzchnia kraju wynosi 27 750 km², a liczba ludności – 11 198 240 (2021). Stolicą i największym miastem jest Port-au-Prince.Haiti
100%
Państwo położone w zachodniej Europie i południowej części Ameryki Północnej (Karaiby), będące monarchią konstytucyjną, złożone z czterech krajów składowych: ___ (część europejska), Aruby, Curaçao i Sint Maarten oraz trzech gmin zamorskich: Bonaire, Saba i Sint Eustatius. Jest członkiem Unii Europejskiej (UE), Organizacji Narodów Zjednoczonych (ONZ) i Organizacji Traktatu Północnoatlantyckiego (NATO).Holandia
100%
Państwo w Ameryce Środkowej, pomiędzy Morzem Karaibskim a Oceanem Spokojnym (Fonseca (zatoka)), o łącznej długości wybrzeża 820 km. ___ graniczy na zachodzie z Gwatemalą (dł. granicy 256 km), na południowym wschodzie z Nikaraguą (922 km) i na południowym zachodzie z Salwadorem (342 km). Do ___ należą również przybrzeżne wyspy, z których największe to Wyspy Bahia (Islas de la Bahia). Od 1972 roku do ___ należą Islas Santanilla.Honduras
100%
Państwo położone w Azji Południowej, zajmujące większość subkontynentu ___. Jest 7. krajem świata pod względem powierzchni oraz 2. pod względem liczby ludności; jest także najludniejszą demokracją świata. Od południa ___ otoczone są Oceanem Indyjskim, od południowego zachodu Morzem Arabskim, a od południowego wschodu Zatoką Bengalską. Od północy ___ ograniczone są przez Himalaje oraz Karakorum. Na północnym zachodzie graniczą z Pakistanem, na północy z Chinami, Nepalem i Bhutanem, na północnym wschodzie z Mjanmą i Bangladeszem, a na południowym wschodzie przez zatokę Mannar i cieśninę Palk graniczy ze Sri Lanką i Malediwami. ___ wyspy Andamany i Nikobary dzielą granicę morską z Tajlandią i Indonezją.Indie
100%
Wyspiarskie państwo unitarne położone w Azji Południowo-Wschodniej oraz w Oceanii, którego stolicą jest Dżakarta. Położona na równiku, między Oceanem Spokojnym a Indyjskim, jest największym krajem wyspiarskim na świecie z ok. 17 tys. wysp. Jest 14. pod względem powierzchni krajem i 7. wliczając tereny morskie. Jest 4. krajem na świecie pod względem liczby ludności, z ponad 267-milionową populacją oraz największą liczbą wyznawców islamu na świecie. Najbardziej zaludnioną wyspę na świecie, Jawę, zamieszkuje ponad połowa ludności kraju.Indonezja
100%
Państwo arabskie na Bliskim Wschodzie, leżące nad Zatoką Perską.Irak
100%
Państwo na Bliskim Wschodzie, leżące między Morzem Kaspijskim na północy a Zatoką Perską i Zatoką Omańską na południu.Iran
100%
Państwo wyspiarskie w zachodniej części Europy, zajmujące większość terytorium wyspy ___, członek Unii Europejskiej.Irlandia
100%
Państwo położone na północy Grzbietu Śródatlantyckiego, na wyspie ___ i kilku mniejszych wyspach, m.in. archipelag Vestmannaeyjar w północnej części Oceanu Atlantyckiego. Stolicą państwa jest Reykjavík. ___ jest jednym z krajów nordyckich.Islandia
100%
Państwo na Bliskim Wschodzie, położone w Azji Zachodniej na wschodnim brzegu Morza Śródziemnego. Graniczy na północy z Libanem, na północnym wschodzie z Syrią, na wschodzie z Jordanią i na południowym zachodzie z Egiptem. Przylega do niego również Palestyna, czyli Zachodni Brzeg oraz Strefa Gazy kontrolowane przez tymczasową strukturę administracyjną: Palestyńskie Władze Narodowe zwane potocznie Autonomią Palestyńską. Zewnętrzne granice Palestyny są kontrolowane przez władze ___. ___ pomimo stosunkowo małej powierzchni jest dość zróżnicowany demograficznie. W populacji liczącej 7,66 miliona większość stanowią Żydzi (75%). Drugą co do wielkości grupę stanowią Arabowie (20%). Mniejszą grupą etniczną są Samarytanie. Pod względem wyznaniowym w ___ występuje duże zróżnicowanie – obok żydów mieszkają również muzułmanie (Arabowie), chrześcijanie i druzowie, jak również inne mniejsze grupy religijne.Izrael
100%
Państwo położone w południowo-zachodniej Azji na Półwyspie Arabskim, oraz na archipelagu Sokotra we wschodniej Afryce. ___ graniczy od północy z Arabią Saudyjską, a od wschodu z Omanem. Od południa ma dostęp do Morza Arabskiego i Zatoki Adeńskiej, a od zachodu Morza Czerwonego. Stolicą i jednocześnie największym miastem ___ jest Sana. Innymi ważniejszymi miastami są: Aden, Ta’izz, Al-Hudajda oraz Al-Mukalla. ___ należy do Ligi Państw Arabskich.Jemen
100%
Państwo położone we wschodniej części Półwyspu Arabskiego (na półwyspie ___) nad Zatoką Perską. Stolicą ___ jest Doha. Inne większe miasta to Ar-Rajjan, Musajid, Al-Wakra, Chaur, Duchan, Umm Bab. Powierzchnia ___ wynosi 11,6 tys. km²; graniczy on tylko z Arabią Saudyjską. Językiem urzędowym jest język arabski, ale w użyciu jest także angielski. ___ podzielony jest na siedem okręgów.Katar
100%
Państwo w Azji Środkowej. Graniczy z Chinami (dł. granicy 858 km), Kazachstanem (1051 km), Tadżykistanem (870 km) i Uzbekistanem (1099 km).Kirgistan
100%
Państwo w północno-zachodniej części Ameryki Południowej leżące nad Morzem Karaibskim i Oceanem Spokojnym.Kolumbia
100%
Państwo w środkowej Afryce nad Oceanem Atlantyckim. Graniczy z Gabonem, Kamerunem, Republiką Środkowoafrykańską, Angolą (Kabinda) i Demokratyczną Republiką Konga.Kongo
100%
Państwo w Azji Wschodniej, powstałe w północnej części Półwyspu ___ po II wojnie światowej na terenach zajętych przez Armię Czerwoną.Korea Północna
100%
Państwo w Ameryce Centralnej nad Morzem Karaibskim i Oceanem Spokojnym. Graniczy od północy z Nikaraguą na odcinku 309 km i od południa z Panamą – 330 km. Łączna długość wybrzeża karaibskiego i pacyficznego wynosi 1290 km.Kostaryka
100%
Państwo wyspiarskie w Ameryce Północnej, położone w archipelagu Wielkich Antyli, na wyspie ___ oraz szeregu otaczających ją mniejszych wysepek. Największy pod względem powierzchni kraj na Karaibach (110 860 km²), zamieszkany przez 11 032 343 osób (2021). Stolicą i największym miastem jest Hawana.Kuba
100%
Państwo w Azji Południowo-Wschodniej, na Półwyspie Indochińskim. Stolicą jest Wientian (700 tys. mieszkańców), główna rzeka Mekong. Na północy ___ graniczy z Mjanmą i Chinami, na wschodzie z Wietnamem, na południu z Kambodżą, a na zachodzie z Tajlandią. ___ jest krajem socjalistycznym.`Laos
100%
Państwo w południowej Afryce, będące enklawą w Republice Południowej Afryki.Lesotho
100%
Państwo położone w zachodniej Azji, na obszarze Bliskiego Wschodu, nad Morzem Śródziemnym, graniczące z Syrią i Izraelem.Liban
100%
Państwo położone w Afryce Północnej, nad zatoką Wielka Syrta (Morze Śródziemne), ze stolicą w Trypolisie. Graniczy z Egiptem, Sudanem, Czadem, Nigrem, Algierią i Tunezją.Libia
100%
Niewielkie alpejskie państwo w Europie Zachodniej, leżące pomiędzy Austrią i Szwajcarią, nad rzeką Ren. ___ jest jednym z dwóch współcześnie istniejących krajów podwójnie śródlądowych.Liechtenstein
100%
Państwo w Europie, jeden z krajów bałtyckich, członek Unii Europejskiej i NATO; graniczy od zachodu z Rosją (obwodem kaliningradzkim), od południowego zachodu z Polską, od wschodu z Białorusią, od północy z Łotwą.Litwa
100%
Państwo, położone w Europie Zachodniej. Graniczy z Francją od południa, Niemcami od wschodu i z Belgią od zachodu i północy. Państwo członkowskie Unii Europejskiej oraz NATO.Luksemburg
100%
Państwo położone w północno-zachodniej Afryce nad Oceanem Atlantyckim i Morzem Śródziemnym ze stolicą w Rabacie, a także należące do państw Maghrebu.Maroko
100%
Państwo w północno-zachodniej Afryce, nad Atlantykiem. Graniczy z Senegalem, Mali, Algierią i Saharą Zachodnią. Znaczną część kraju stanowią pustynne terytoria saharyjskie.Mauretania
100%
Państwo w Ameryce Północnej. Sąsiaduje ze Stanami Zjednoczonymi (na północy), z Oceanem Spokojnym (na zachodzie i południu), Zatoką Meksykańską i Morzem Karaibskim (na wschodzie) oraz z Gwatemalą i Belize (na południowym wschodzie).Meksyk
100%
Państwo europejskie położone na terenach historycznej Besarabii i obszarze położonym na lewym brzegu Dniestru.Mołdawia
100%
Państwo położone w południowo-wschodniej Afryce. Graniczy z RPA, Eswatini, Zimbabwe, Zambią, Malawi i Tanzanią.Mozambik
100%
Państwo w Afryce Zachodniej nad Zatoką Gwinejską, najludniejsze na kontynencie afrykańskim. Nazwa kraju pochodzi od rzeki Niger. Po raz pierwszy pojawiła się w brytyjskiej gazecie The Times w 1897 roku. Państwo sąsiaduje z Beninem, Nigrem, Czadem i Kamerunem. Obecnie członek Unii Afrykańskiej i ECOWAS.Nigeria
100%
Państwo w Ameryce Środkowej, położone między Hondurasem na północy a Kostaryką na południu. Na zachodzie na długości 320 km oblewają ją wody Oceanu Spokojnego, a na wschodzie na długości 480 km – wody Morza Karaibskiego.Nikaragua
100%
Państwo w Azji, leżące na Półwyspie Arabskim, nad Morzem Arabskim i Zatoką ___. Graniczy ze Zjednoczonymi Emiratami Arabskimi, Arabią Saudyjską i Jemenem. Stolica mieści się w mieście Maskat. ___ należy do Ligi Państw Arabskich.Oman
100%
Państwo w zachodniej części Ameryki Południowej, nad Oceanem Spokojnym. Jest to trzecie co do wielkości państwo kontynentu po Brazylii i Argentynie oraz drugi co do wielkości kraj andyjski po Argentynie. Stolicą ___ jest Lima.`Peru
100%
Państwo unitarne w Europie Środkowej, położone między Morzem Bałtyckim na północy a Sudetami i Karpatami na południu, w przeważającej części w dorzeczu Wisły i Odry. Od północy ___ graniczy z Rosją (z jej obwodem kaliningradzkim) i Litwą, od wschodu z Białorusią i Ukrainą, od południa ze Słowacją i Czechami, od zachodu z Niemcami. Większość północnej granicy ___ wyznacza wybrzeże Morza Bałtyckiego.Polska
100%
Państwo europejskie położone w zachodniej części Europy Południowej na południowym zachodzie Półwyspu Iberyjskiego. Jest najdalej wysuniętym na zachód państwem Europy, od północy i wschodu graniczy z Hiszpanią, a od zachodu i południa ___ oblewają wody Oceanu Atlantyckiego. Dodatkowo w skład ___ wchodzą dwa archipelagi wysp położonych na Oceanie Atlantyckim – Azory i Madera. Jest członkiem Unii Europejskiej oraz NATO.Portugalia
100%
Państwo śródlądowe w środkowej Afryce, w dorzeczach rzek Konga i Szari. Graniczy z Kamerunem, Czadem, Sudanem, Sudanem Południowym, Demokratyczną Republiką Konga i Kongiem.Republika Środkowoafrykańska
100%
Państwo wyspiarskie na Oceanie Atlantyckim, położone ponad 450 km na zachód od zachodnich wybrzeży Afryki, geograficznie tożsame z Wyspami Zielonego Przylądka. Obecnie członek Unii Afrykańskiej i ECOWAS.Republika Zielonego Przylądka
100%
Państwo federacyjne rozciągające się od Europy Wschodniej (z eksklawą w Europie Środkowej) przez północną część Azji do Oceanu Spokojnego, składające się według swojej konstytucji z 85 podmiotów federalnych.Rosja
100%
Państwo unitarne w południowo-wschodniej części Europy. Graniczy z Węgrami i Serbią na zachodzie, Bułgarią na południu wzdłuż Dunaju oraz Ukrainą i Mołdawią na północy. Kraj ma także dostęp do Morza Czarnego. Stolicą i największym miastem ___ jest Bukareszt.Rumunia
100%
Państwo w środkowo-wschodniej Afryce o powierzchni 26,4 tys. km². ___ graniczy z: Burundi (290 km), Demokratyczną Republiką Konga (217 km), Tanzanią (217 km) i Ugandą (169 km). W 2016 roku w ___ mieszkało 11,901 mln mieszkańców. Językami urzędowymi są: ___, angielski i francuski. Stolicą państwa jest Kigali. Od 2006 roku ___ dzieli się na 5 prowincji (dawniej na 12).Rwanda
100%
Państwo w Oceanii, obejmujące zachodnią część Wysp ___ (pozostałe stanowią terytorium Stanów Zjednoczonych jako ___ Amerykańskie).Samoa
100%
Państwo w zachodniej Afryce nad Oceanem Atlantyckim. Graniczy z Mauretanią, Mali, Gwineą, Gwineą Bissau i Gambią. Obecnie członek Unii Afrykańskiej i ECOWAS.Senegal
100%
Państwo śródlądowe w Europie Środkowej. Graniczy z Austrią (106,7 km), Polską (541,1 km), Czechami (251,8 km), Ukrainą (97,8 km) oraz Węgrami (654,8 km). Łączna długość granicy lądowej wynosi 1652,2 km. Do 31.12.1992 wchodziła w skład Czechosłowacji. Od 19 stycznia 1993 członek ONZ, od 29 marca 2004 członek NATO, od 1 maja 2004 należy do Unii Europejskiej, a od 1 stycznia 2009 – do strefy euro. Jest również członkiem Grupy Wyszehradzkiej. Stolicą państwa jest Bratysława, położona nad Dunajem przy granicy z Austrią i Węgrami.Słowacja
100%
Państwo w północno-wschodniej części Afryki położone na Półwyspie ___) (zwanym „Rogiem Afryki”). Przylega do Oceanu Indyjskiego i Zatoki Adeńskiej. Na północnym zachodzie graniczy z Dżibuti, na zachodzie z Etiopią, zaś na południowym zachodzie z Kenią.Somalia
100%
Państwo w Azji Południowej, na wyspie Cejlon (pod tą nazwą znane do 1972) wraz z mniejszymi przybrzeżnymi wyspami. Oddzielone od Półwyspu Indyjskiego Cieśniną Palk i Zatoką Mannar. Od wschodu oblewane przez Zatokę Bengalską, od południa otwartym Oceanem Indyjskim. Największe miasta kraju to: Kolombo, Dehiwala, Moratuwa, Dżafna, Kandy, Galle, Kalmunai.Sri Lanka
100%
Państwo położone w północno-wschodniej części Afryki nad Morzem Czerwonym.Sudan
100%
Państwo arabskie na Bliskim Wschodzie. Graniczy z Turcją (822 km), Irakiem (605 km), Jordanią (375 km), Libanem (375 km) i Izraelem (76 km). Długość wybrzeża wynosi 193 km. Najwyższym punktem jest Hermon (2814 m n.p.m.).Syria
100%
Państwo federacyjne w Europie Zachodniej. Jest jednym z niewielu państw, w których obowiązują szeroko stosowane formy demokracji bezpośredniej. ___ od kongresu wiedeńskiego w 1815 roku jest państwem neutralnym. Do Organizacji Narodów Zjednoczonych przystąpiła dopiero 10 września 2002 po przegłosowaniu tej decyzji w referendum minimalną większością 52% głosów.Szwajcaria
100%
Państwo w południowo-wschodniej Azji, graniczące z Laosem i Kambodżą na wschodzie, z Malezją na południu oraz z Mjanmą (Birmą) na zachodzie i północnym zachodzie. Dawniej państwo nosiło nazwę Syjam jako oficjalną do 11 maja 1949.Tajlandia
100%
Państwo na wyspie ___ w Archipelagu Malajskim. Od zachodu graniczy z Indonezją. Do 1975 roku kolonia portugalska pod nazwą ___. W 1976 został anektowany przez Indonezję, która okupowała jego terytorium do 1999. Od 1999 do 2002 pod administracją Organizacji Narodów Zjednoczonych. Niepodległość uzyskał 20 maja 2002 r., stając się jednocześnie pierwszym suwerennym państwem powstałym w XXI w. Obok Filipin jest drugim krajem Azji Południowo-Wschodniej, w którym dominującym wyznaniem jest katolicyzm.Timor Wschodni
100%
Państwo w zachodniej Afryce nad Zatoką Gwinejską. Graniczy z Ghaną, Beninem i Burkina Faso. Obecnie członek Unii Afrykańskiej i ECOWAS.Togo
100%
Państwo leżące w północnej Afryce, nad Morzem Śródziemnym. Graniczy z Algierią i Libią. W latach 1881–1956 pod protektoratem Francji. Od 12 listopada 1956 w ONZ, a od 1 października 1958 członek Ligi Państw Arabskich. Stolicą kraju jest Tunis, a inne większe miasta to: Safakis, Arjana, Bizerta (Banzart), Kabis (Gabés), Susa (Sousse).Tunezja
100%
Państwo położone na Oceanie Spokojnym w zachodniej Polinezji (na północ od Fidżi), ___ tworzy archipelag po angielsku zwany ___ Islands (dawne nazwy angielskie to Lagoon Islands i Ellice Islands), po polsku zaś Wyspami Lagunowymi.Tuvalu
100%
Państwo unitarne, położone w Europie Wschodniej. Graniczy od północy z Białorusią, od zachodu z Polską, Słowacją i Węgrami, od południa z Rumunią i Mołdawią oraz Morzem Czarnym i Morzem Azowskim, od północnego wschodu i wschodu z Federacją Rosyjską. ___ jest członkiem założycielskim ONZ, członkiem Światowej Organizacji Handlu, Rady Europy, Międzynarodowej Agencji Energii Atomowej, Pogłębionej i Całościowej Strefy Wolnego Handlu (DCFTA) oraz organizacji regionalnych i subregionalnych, tj. OBWE, GUAM i Organizacji Współpracy Gospodarczej Państw Morza Czarnego.Ukraina
100%
Państwo w Oceanii. Położone na 83 wyspach Nowych Hebrydów (2 z nich – Matthew i Hunter – należą do Nowej Kaledonii, terytorium zamorskiego Francji), z których 65 jest zamieszkanych. Położone jest ok. 800 km na północny zachód od Fidżi i na północny wschód od Nowej Kaledonii. Dawniej terytorium kraju było kondominium francusko-brytyjskim znanym pod nazwą Nowe Hebrydy.Vanuatu
100%
Państwo śródlądowe w Europie Środkowej, od 1955 członek ONZ, od 1999 członek NATO, od 2004 członek Unii Europejskiej. Jest również członkiem Grupy Wyszehradzkiej.Węgry
100%
Państwo położone w północnej części Ameryki Południowej.Wenezuela
100%
Unitarne państwo wyspiarskie w Europie Zachodniej. W skład ___ zalicza się Anglia, Walia i Szkocja położone na wyspie ___ oraz Irlandia Północna leżąca w północnej części wyspy Irlandia. Na wyspie tej znajduje się jedyna granica lądowa Zjednoczonego Królestwa z innym państwem – Irlandią. Poza nią ___ otoczona jest przez Ocean Atlantycki na zachodzie i północy, Morze Północne na wschodzie, kanał La Manche na południu i Morze Irlandzkie na zachodzie.Wielka Brytania
100%
Państwo w Afryce Wschodniej, położone nad Morzem Czerwonym. Graniczy z Etiopią (912 km), Dżibuti (109 km) i Sudanem (605 km). ___ liczy 121,1 tys. km² powierzchni. W 2013 roku w ___ mieszkało 5,7 mln mieszkańców. Gęstość zaludnienia wynosi 47 osób na kilometr kwadratowy. W państwie obowiązują dwa języki urzędowe: arabski oraz tigrinia. W użyciu jest także język angielski. Stolicą ___ jest Asmara. W kraju obowiązuje waluta nakfa. Państwo dzieli się na sześć regionów. Kraj uzyskał niepodległość 24 marca 1993 roku.Erytrea
80%
Niewielkie śródlądowe państwo w południowej Afryce (jedno z najmniejszych na kontynencie), graniczące z Mozambikiem i Południową Afryką. Siedzibą parlamentu i króla jest Lobamba.Eswatini
80%
Państwo w Afryce nad Zatoką Gwinejską. Graniczy z Burkina Faso, Nigrem, Nigerią i Togo, członek Unii Afrykańskiej i ECOWAS.Benin
75%
Państwo wyspiarskie położone na ___ w zachodniej części Oceanu Indyjskiego, u południowo-wschodnich wybrzeży Afryki. ___ jest czwartą co do wielkości wyspą na świecie i pierwszą w Afryce. Po rozpadzie superkontynentu Gondwana około 88 mln lat temu ___ oddzielił się od subkontynentu indyjskiego, co pozwoliło rodzimej faunie i florze ewoluować we względnej izolacji. W związku z tym ___ ma bardzo bogaty ekosystem; ponad 90% ___ dzikiej przyrody nie występuje w żadnym innym miejscu na Ziemi. Lokalna przyroda jest jednak zagrożona przez dynamicznie wzrastającą populację ludzi, rozwijającą się infrastrukturę i przemysł oraz przez zmiany klimatu.Madagaskar
75%
Państwo w Ameryce Centralnej, położone na Przesmyku ___, łączącym Amerykę Północną i Południową pomiędzy Morzem Karaibskim na północy a Oceanem Spokojnym na południu. Graniczy z Kostaryką na zachodzie i Kolumbią na wschodzie. Powierzchnia kraju wynosi 75 420 km², a liczba ludności – 3 928 646 (2021). Stolicą i największym miastem jest miasto ___.Panama
75%
Państwo w Azji Południowo-Wschodniej, położone na Półwyspie Indochińskim i graniczące z Chińską Republiką Ludową, Laosem i Kambodżą. Ma ponad 90 mln mieszkańców i jest piętnastym co do wielkości populacji państwem świata.Wietnam
75%
Państwo w południowej Afryce bez dostępu do morza. Nazwa przyjęta od Zambezi – głównej rzeki kraju.Zambia
75%
Państwo położone w południowej Afryce, jego stolicą jest Harare.Zimbabwe
75%
Państwo śródlądowe położone w Azji Południowej ze stolicą w Kabulu. Graniczy z Chinami, Pakistanem, Iranem, Turkmenistanem, Uzbekistanem i Tadżykistanem.Afganistan
67%
Państwo śródlądowe w środkowo-zachodniej części Ameryki Południowej, graniczy z Brazylią na północy i wschodzie, Paragwajem i Argentyną na południu oraz z Chile i Peru na zachodzie.Boliwia
67%
Państwo w Afryce Zachodniej bez dostępu do morza. Dawniej Górna Wolta (Republique du Haute-Volta), w 1984 prezydent Thomas Sankara nadał mu nową nazwę, która oznacza „kraj prawych ludzi” w językach mossi i diula, będących głównymi rdzennymi językami kraju.Burkina Faso
67%
Państwo położone na wyspie ___ leżącej we wschodniej części Morza Śródziemnego u wybrzeży Turcji, Syrii i Libanu. Od 1 maja 2004 jest członkiem Unii Europejskiej. Największymi miastami kraju są: Nikozja (stolica) oraz Limassol.Cypr
67%
Państwo położone we wschodniej Afryce. Od południa graniczy z Kenią, na zachodzie z Sudanem i Sudanem Południowym, na wschodzie z Dżibuti i Somalią, a na północnym wschodzie z Erytreą.Etiopia
67%
Państwo położone w zachodniej części kontynentu afrykańskiego. Od północy, południa i wschodu graniczy z Senegalem. Od zachodu posiada dostęp do Oceanu Atlantyckiego, przy ujściu rzeki ___. Dawniej kolonia brytyjska, niepodległość uzyskała w 1965 r. Stolicą jest Bandżul (ang. Banjul). Obecnie członek Unii Afrykańskiej i ECOWAS.Gambia
67%
Państwo położone na pograniczu Europy i Azji, w Kaukazie Południowym. Graniczy na północy z Rosją, na południu z Armenią i Turcją, a na wschodzie z Azerbejdżanem; zachodnią granicę kraju wyznacza wybrzeże Morza Czarnego. Stolicą ___ jest Tbilisi, przy czym od 2012 r. siedzibą parlamentu jest Kutaisi a sądu konstytucyjnego Batumi.Gruzja
67%
Państwo w południowo-wschodniej Azji, na Półwyspie Indochińskim, nad Zatoką Tajlandzką. Graniczy od zachodu i północy z Tajlandią (długość granicy – 803 km), od północy z Laosem (541 km), a od wschodu z Wietnamem (930 km).Kambodża
67%
Państwo w środkowej Afryce, nad Zatoką Gwinejską. Graniczy z Nigerią, Czadem, Republiką Środkowoafrykańską, Kongiem, Gabonem i Gwineą Równikową. ___ jest członkiem ONZ, Unii Afrykańskiej i innych organizacji międzynarodowych.Kamerun
67%
Wyspiarskie państwo w północnej części Kanału Mozambickiego, zlokalizowane na archipelagu ___, pomiędzy północną częścią Madagaskaru a północno-wschodnią częścią Mozambiku. Najbliższymi państwami są Mozambik, Tanzania, Madagaskar oraz Seszele.Komory
67%
Państwo w Azji Wschodniej, w południowej części Półwyspu ___ utworzone po II wojnie światowej na terenach zajętych przez wojska Stanów Zjednoczonych.Korea Południowa
67%
Państwo unitarne w Europie Północnej, jeden z krajów nadbałtyckich, położony w przeważającej części w dorzeczu Dźwiny. Od północy ___ graniczy z Estonią, od wschodu z Rosją i Białorusią, a od południa z Litwą. Łączna długość granic lądowych wynosi 1368 km. Większość zachodniej granicy ___ wyznacza wybrzeże Morza Bałtyckiego.Łotwa
67%
Państwo w południowo-zachodniej Afryce, leżące nad Oceanem Atlantyckim (długość wybrzeża – 1572 km). Graniczy z Angolą (długość granicy 1376 km), Botswaną (1360 km), RPA (967 km) oraz Zambią (233 km). Do 1968 ___ funkcjonowała pod nazwą Afryka Południowo-Zachodnia.Namibia
67%
Państwo w południowej części Azji, położone wzdłuż Indusu i liczące ponad 200 milionów mieszkańców.Pakistan
67%
Po Australii, drugie co do wielkości państwo w Oceanii, leży w Melanezji, położone w większości na wyspie ___. ___ graniczy z Indonezją (820 km). Powierzchnia państwa wynosi 462,8 tys. km². W 2017 roku w ___ mieszkało 6 909 701 osób. Statusem urzędowym objęte są języki: angielski, tok pisin, hiri motu. Stolicą państwa jest Port Moresby. Walutą jest kina. ___ uzyskała niepodległość 16 września 1975 roku.Papua-Nowa Gwinea
67%
Państwo federacyjne w Ameryce Północnej składające się z 50 stanów, graniczące z Kanadą od północy, Meksykiem od południa, Oceanem Spokojnym od zachodu, Oceanem Arktycznym od północnego zachodu i Oceanem Atlantyckim od wschodu.Stany Zjednoczone
67%
Państwo w środkowej Azji ze stolicą w Duszanbe. ___ graniczy z Uzbekistanem, Kirgistanem, Chinami i Afganistanem.Tadżykistan
67%
Państwo w Ameryce Południowej, nad Atlantykiem, graniczące z Argentyną od zachodu i Brazylią od północy. Stolicą państwa jest Montevideo, port atlantycki u ujścia La Platy. Po drugiej stronie tego estuarium leży stolica Argentyny – Buenos Aires. Dawniej ___ stanowił część Wicekrólestwa La Platy i nosił nazwę Banda Oriental (Brzeg Wschodni).Urugwaj
67%
Państwo położone w Europie Południowej, na Półwyspie Apenińskim, będące członkiem Unii Europejskiej oraz wielu organizacji, m.in.: NATO, należące do siedmiu najbardziej uprzemysłowionych i bogatych państw świata – G7.Włochy
67%
Państwo w Zatoce Gwinejskiej, na północ od równika, składające się z pięciu wysp, z których trzy są zamieszkane.Wyspy Świętego Tomasza i Książeca
67%
Śródlądowe państwo położone w Afryce Zachodniej, siódme co do wielkości w Afryce ze stolicą w Bamako, graniczy z Algierią na północy, Nigrem i Burkina Faso na wschodzie, Wybrzeżem Kości Słoniowej i Gwineą na południu oraz z Senegalem i Mauretanią na zachodzie. Członek Unii Afrykańskiej i ECOWAS.Mali
63%
Demokratyczna republika federalna w Azji Południowej, w środkowej części Himalajów, granicząca na północy z Chinami i na południu, wschodzie i zachodzie z Indiami; bez dostępu do morza.Nepal
60%
Państwo w południowo-zachodniej Afryce nad Oceanem Atlantyckim, członek Unii Afrykańskiej. Sąsiaduje z Demokratyczną Republiką Konga, Namibią, Kongiem oraz Zambią. W przeszłości była kolonią portugalską. Posiada znaczne zasoby surowców naturalnych, w tym ropy naftowej i diamentów.Angola
50%
Państwo federacyjne ze stolicą w Sarajewie położone w południowej Europie, na Półwyspie Bałkańskim. Graniczy na północy, zachodzie i południu z Chorwacją, na wschodzie z Serbią, a na południowym wschodzie z Czarnogórą. Od południowego zachodu ma dostęp do Morza Adriatyckiego.Bośnia i Hercegowina
50%
Małe państwo śródlądowe położone w Afryce Wschodniej. Graniczy z Rwandą od północy, Tanzanią od wschodu i południa, oraz z Demokratyczną Republiką Kongo od zachodu.Burundi
50%
Państwo w Europie Południowej powstałe po rozpadzie Serbii i ___. Wcześniej republika związkowa Socjalistycznej Federacyjnej Republiki Jugosławii (1945–1992), Federalnej Republiki Jugosławii (1992–2003) oraz Serbii i ___ (2003–2006). Leży na wybrzeżu Morza Adriatyckiego i graniczy z Serbią, Kosowem, Chorwacją, Bośnią i Hercegowiną oraz Albanią.Czarnogóra
50%
Drugie pod względem powierzchni, trzecie pod względem liczby ludności państwo Afryki, położone w jej środkowej części, w dorzeczu rzeki Kongo, u której ujścia posiada 37 km dostępu do Oceanu Atlantyckiego. Nazwa, oznaczająca myśliwy, pochodzi od ludu Bakongo. W okresie kolonialnym ___ występowała jako Wolne Państwo Kongo (do 1908) i Kongo Belgijskie (do 1960), a po uzyskaniu niepodległości w latach 1971–1997 jako Zair. Dla odróżnienia od sąsiadującej Republiki Konga (Kongo, Kongo-Brazzaville), ___ występowała również jako Kongo-Léopoldville, a obecnie po zmianie nazwy stolicy, jako Kongo-Kinszasa.Demokratyczna Republika Konga
50%
Państwo wyspiarskie, położone w południowo-zachodniej części Oceanu Spokojnego na wschód od Vanuatu, zachód od Tonga i południe od Tuvalu.Fidżi
50%
Państwo wyspiarskie w południowo-wschodniej Azji, położone na Archipelagu ___ na Oceanie Spokojnym.Filipiny
50%
Kraj położony w południowo-wschodniej części Europy, na południowym krańcu Półwyspu Bałkańskiego. Graniczy z czterema państwami: Albanią, Macedonią Północną i Bułgarią od północy oraz Turcją od wschodu. Ma dostęp do czterech mórz: Egejskiego i Kreteńskiego od wschodu, Jońskiego od zachodu oraz Śródziemnego od południa.Grecja
50%
Państwo wyspiarskie na wyspie ___ i części wysp archipelagu ___ (Małe Antyle) na Morzu Karaibskim.Grenada
50%
Państwo w Ameryce Południowej, nad Oceanem Atlantyckim, graniczące na północnym zachodzie z Wenezuelą (743 km), na południowym zachodzie i południu z Brazylią (1119 km), a na wschodzie z Surinamem (600 km). Przebieg granicy ___ z Wenezuelą i Surinamem jest kwestionowany przez oba te państwa.Gujana
50%
Wyspa i państwo na Morzu Karaibskim w archipelagu Wielkich Antyli, położone na południe od Kuby i na zachód od Haiti.Jamajka
50%
Państwo wyspiarskie położone na wąskim łańcuchu wysp na zachodnim Pacyfiku, u wschodnich wybrzeży Azji, o długości 3,3 tys. km. Archipelag rozciąga się niemal południkowo, tworząc łagodny łuk wygięty w stronę kontynentu. Punktem wysuniętym najdalej na północ jest przylądek Sōya (45°31′N) na północnym krańcu wyspy Hokkaido, a punktem wysuniętym najdalej na południe jest mini-archipelag trzech wysepek o nazwie Oki-no-Tori-shima (20°25′N). Natomiast w przypadku wzięcia pod uwagę wyłącznie czterech głównych wysp, najbardziej wysuniętym na północ punktem jest przylądek Sōya, a najbardziej wysuniętym na południe punktem jest przylądek Sata (30°59′N) na krańcu półwyspu Ōsumi na wyspie Kiusiu. Stolicą państwa jest Tokio.Japonia
50%
Państwo położone w Azji, w regionie Bliskiego Wschodu, ze stolicą w Ammanie.Jordania
50%
Państwo położone we wschodniej Afryce nad Oceanem Indyjskim. Leży na równiku. Graniczy od północy z Somalią, Etiopią i Sudanem Południowym, od zachodu z Ugandą, a od południa z Tanzanią. Jest 47. krajem świata pod względem powierzchni i 30. pod względem liczby ludności. Stolicą i największym miastem ___ jest Nairobi.Kenia
50%
Państwo położone w południowo-zachodniej Azji, na północno-zachodnim wybrzeżu Zatoki Perskiej. Graniczy z Irakiem (242 km) i Arabią Saudyjską (222 km) – łączna długość granic lądowych wynosi 464 km, ponadto 499 km wybrzeża morskiego.Kuwejt
50%
Państwo w Europie Południowej na Półwyspie Bałkańskim, powstałe w wyniku rozpadu Jugosławii, obejmujące swoim terytorium około 38% regionu historyczno-geograficznego ___.Macedonia Północna
50%
Państwo we wschodniej Afryce, bez dostępu do morza. Graniczy z Tanzanią, Mozambikiem i Zambią.Malawi
50%
Archipelag oraz państwo wyspiarskie o tej samej nazwie, położone na Oceanie Indyjskim, ok. 500 km na południowy zachód od południowego krańca Indii.Malediwy
50%
Państwo w Azji Południowo-Wschodniej, na Półwyspie ___ i wyspie Borneo; obszar 329 847 km², ludność 28 300 000 (według stanu na 2010 r.), stolica Kuala Lumpur (ok. 1 760 000 mieszkańców), siedziba rządu w Putrajaya.Malezja
50%
Państwo na Oceanie Spokojnym, obejmujące większą część wysp ___. Używana jest także błędna nazwa Federacja ___.Mikronezja
50%
Państwo położone w Azji Południowo-Wschodniej nad Zatoką Bengalską i Morzem Andamańskim, wzdłuż rzeki Irawadi. Graniczy z Chinami, Tajlandią, Indiami, Laosem oraz Bangladeszem. Klimat monsunowy, połowę powierzchni zajmują lasy. Dominującą religią jest buddyzm, a grupą etniczną – Bamarowie, którzy przybyli tu około IX wieku. Początkiem państwowości birmańskiej było powstałe w XI wieku Królestwo Paganu, którego tradycje kontynuowało Taungu, a następnie dynastia Konbaung, pokonana przez Brytyjczyków. Największym miastem jest Rangun, drugie miejsce zajmuje Mandalaj. Gospodarka ___ jest oparta na uprawie ryżu oraz przemyśle spożywczym i drzewnym.Mjanma
50%
Państwo śródlądowe w środkowowschodniej Azji. Od północy graniczy z Rosją, a od wschodu, zachodu i południa z Chinami. Stolicą i największym miastem jest Ułan Bator, gdzie zamieszkuje ok. 47% populacji całego kraju. ___ jest republiką parlamentarną.Mongolia
50%
Państwo śródlądowe położone w Ameryce Południowej.Paragwaj
50%
Państwo śródlądowe w Europie Południowej stanowiące enklawę na obszarze Włoch.San Marino
50%
Państwo położone w zachodniej Afryce, na wybrzeżu Oceanu Atlantyckiego. ___ na północy graniczy z Gwineą (652 km), a na południowym wschodzie z Liberią. Obecnie członek Unii Afrykańskiej i ECOWAS.Sierra Leone
50%
Miasto-państwo położone w pobliżu południowego krańca Półwyspu Malajskiego, w południowo-wschodniej Azji. Został założony przez Brytyjczyków w 1819 i uzyskał niepodległość 9 sierpnia 1965 roku. Jego nazwa pochodzi od dwóch sanskryckich słów: simha (lew) i pura (miasto), stąd niekiedy stosowana nazwa Miasto Lwa. Wizerunek posągu Merlion jest znanym symbolem ___, używanym do 1997 jako logo przez tutejszą izbę turystyki.Singapur
50%
Państwo we wschodniej Afryce powstałe z połączenia dawnych kolonii brytyjskich: Tanganiki (do I wojny światowej niemieckiej) oraz brytyjskiego Zanzibaru, co symbolizowała nazwa utworzona z pierwszych sylab nazw obu krajów TAN+ZAN. W skład ___ jako republiki federacyjnej weszła również wyspa Pemba położona blisko Zanzibaru. Stolicą ___ jest Dodoma, do 1981 roku było nią Dar es Salaam (obecnie stolica administracyjna i siedziba rządu).Tanzania
50%
Wyspiarskie państwo Ameryki Południowej w archipelagu Małych Antyli. Obejmuje dwie główne wyspy, ___, oraz szereg mniejszych.Trynidad i Tobago
50%
Państwo położone w Azji Zachodniej na półwyspie Azja Mniejsza, a częściowo również w Europie Południowo-Wschodniej, ze stolicą w Ankarze. Graniczy w Europie z Bułgarią i Grecją, natomiast w Azji z Syrią, Irakiem, Iranem, Azerbejdżanem, Armenią i Gruzją. Część europejska – wschodnia Tracja – stanowi 3% powierzchni i oddzielona jest od części azjatyckiej Morzem Marmara oraz cieśninami Bosfor i Dardanele. ___ od północy otacza Morze Czarne, od zachodu Morze Egejskie i Morze Marmara, a od południa Morze Śródziemne (nazywane w języku ___ Morzem Białym). ___ została proklamowana w 1923 roku, poprzedzającym ją państwem było Imperium Osmańskie.Turcja
50%
Państwo wyspiarskie w południowo-wschodniej Oceanii, na wschód od Nowej Gwinei, członek Wspólnoty Narodów. Państwo ___ obejmuje wschodnią część archipelagu o tej samej nazwie. Należą do niego atole Rennell i Ontong Java oraz wyspy Santa Cruz, Duff, Reef i inne.Wyspy Salomona
50%
Państwo w południowo-wschodniej Europie na Bałkanach. ___ na zachodzie ma dostęp do Morza Adriatyckiego, a na południowym zachodzie do Morza Jońskiego.Albania
40%
Państwo położone w Europie Środkowej, federacja dziewięciu krajów związkowych ze stolicą w Wiedniu. Od 1995 ___ należy do Unii Europejskiej.Austria
33%
Państwo wyspiarskie na Oceanie Atlantyckim.Bahamy
33%
Państwo w zachodniej Afryce nad Oceanem Atlantyckim, graniczące z Gwineą Bissau, Senegalem, Mali, Liberią, Wybrzeżem Kości Słoniowej i Sierra Leone. Obecnie członek Unii Afrykańskiej i ECOWAS.Gwinea
33%
Państwo w Ameryce Środkowej na Morzu Karaibskim, na wyspie o tej samej nazwie należącej do archipelagu Wysp Nawietrznych, części Małych Antyli.Saint Lucia
33%
Wyspiarskie państwo na Morzu Karaibskim, w archipelagu Małych Antyli (Ameryka Środkowa). Głową państwa jest królowa brytyjska, reprezentowana na wyspach przez gubernatora generalnego. Podstawą gospodarki jest turystyka. Do lat 70. XX wieku w gospodarce dominowało rolnictwo przemysłowe. Podział administracyjny jest nietypowy. ___, zamieszkana przez 98% ludności, jest podzielona na 6 okręgów, natomiast pozostałe wyspy są dependencjami.Antigua i Barbuda
0%
Państwo wyspiarskie w Ameryce Środkowej, zajmujące wyspę o tej samej nazwie, położoną w archipelagu Małych Antyli, na Oceanie Atlantyckim. Najbardziej na wschód wysunięta wyspa Karaibów. Powierzchnia kraju wynosi 430 km², a liczba ludności – 294 560 (2020). Stolicą i największym miastem jest Bridgetown.Barbados
0%
Państwo w Ameryce Środkowej leżące na półwyspie Jukatan, nad Morzem Karaibskim, od północy graniczące z Meksykiem (długość granicy 250 km), a na zachodzie z Gwatemalą (266 km).Belize
0%
Państwo śródlądowe w Azji Południowej, we wschodnich Himalajach, graniczące na północy, zachodzie i wschodzie z Chinami, a na południu z Indiami. Oficjalna nazwa Druk Jul oznacza Królestwo Smoka.Bhutan
0%
Państwo położone w Azji Południowo-Wschodniej, na północnym wybrzeżu wyspy Borneo. ___ graniczy z Malezją. Ma dostęp do Morza Południowochińskiego.Brunei
0%
Państwo leżące na pograniczu Europy Środkowej i Europy Południowej, nad Morzem Adriatyckim i graniczące od południa z Bośnią i Hercegowiną oraz Czarnogórą, od wschodu z Serbią oraz Węgrami i Słowenią od północy. Od południowego zachodu ma dostęp do Morza Adriatyckiego. Od 1 lipca 2013 należy do Unii Europejskiej jako 28. członek wspólnoty.Chorwacja
0%
Państwo w Europie Północnej, nad Morzem Bałtyckim, powstałe po I wojnie światowej. Członek Unii Europejskiej i NATO. Graniczy z Łotwą od południa i z Rosją od wschodu oraz z Finlandią przez Zatokę Fińską. Jedno z najbardziej zinformatyzowanych państw świata.Estonia
0%
Państwo w Ameryce Środkowej, położone nad Oceanem Atlantyckim i Oceanem Spokojnym. Graniczy z Salwadorem (203 km), Hondurasem (256 km), Meksykiem (962 km), Belize (266 km) – łączna długość granic wynosi 1687 km, ponadto 400 km wybrzeża morskiego.Gwatemala
0%
Państwo w zachodniej Afryce, nad Oceanem Atlantyckim. Graniczy z Senegalem i Gwineą. Do ___ należą również liczne przybrzeżne wyspy, z których największe skupione są w Archipelagu Bijagós. Obecnie członek Unii Afrykańskiej i ECOWAS.Gwinea Bissau
0%
Państwo w zachodniej części Europy Południowej, położone głównie na Półwyspie Iberyjskim, obejmujące także Baleary na Morzu Śródziemnym, Wyspy Kanaryjskie na Oceanie Atlantyckim, mniejsze wysepki oraz tereny w północnej Afryce.Hiszpania
0%
Państwo położone w Ameryce Północnej, rozciągające się od Oceanu Atlantyckiego na wschodzie do Oceanu Spokojnego na zachodzie i Oceanu Arktycznego na północy. Na południu i północnym zachodzie graniczy ze Stanami Zjednoczonymi, granice morskie: na północy z należącą do Danii Grenlandią i na wschodzie z wyspami Saint-Pierre i Miquelon, wspólnotą zamorską Francji. Drugie państwo świata pod względem powierzchni (po Rosji) oraz 38. pod względem ludności. ___ jest członkiem ONZ, NAFTA, Wspólnoty Narodów, Frankofonii, NATO, G7, APEC.Kanada
0%
Państwo leżące częściowo w Azji Środkowej (88% powierzchni) i częściowo w Europie Wschodniej (12% powierzchni – tereny na zachód od rzeki Emba), powstałe w 1991 w wyniku rozpadu Związku Radzieckiego, graniczące z Chinami (1460 km granicy), Kirgistanem (980 km), Turkmenistanem (380 km), Uzbekistanem (2300 km) oraz Federacją Rosyjską (6467 km). Łączna długość granic ___ wynosi 12 187 km. ___ ma również dostęp do największego jeziora świata – Morza Kaspijskiego – na długości 2340 km. Całkowita powierzchnia kraju wynosi 2 724 900 km².Kazachstan
0%
Państwo wyspiarskie na Oceanie Spokojnym. W skład tego państwa o powierzchni 811 km² wchodzą 32 atole i 1 wyspa koralowa Banaba, rozsiane na powierzchni przeszło 3,5 mln km² wokół równika. Przez obszar ten przechodzi 180 południk, co powoduje że ___ jest jedynym krajem na świecie położonym na wszystkich 4 półkulach Ziemi.Kiribati
0%
Terytorium sporne w południowej Europie ze stolicą w Prisztinie i państwo częściowo uznawane na arenie międzynarodowej, które ogłosiło swoją niepodległość 17 lutego 2008 roku.Kosowo
0%
Państwo położone w Afryce Zachodniej. Sąsiaduje z Gwineą, Wybrzeżem Kości Słoniowej oraz Sierra Leone. Pod koniec lat 80. XX wieku sytuacja gospodarcza i polityczna tego kraju stała się niestabilna, co było skutkiem przewrotów wojskowych i dwóch wojen domowych (1989–1996 i 1999–2003). Członek Unii Afrykańskiej i ECOWAS.Liberia
0%
Wyspiarskie państwo-miasto położone w Europie Południowej, na Morzu Śródziemnym, 81 km na południe od Włoch. Obejmuje cały archipelag Wysp ___, jednakże większość ludności mieszka na głównej wyspie, w zespole miejskim Valletty – stolicy ___, w 2018 r. Europejskiej Stolicy Kultury.Malta
0%
Państwo wyspiarskie położone w południowo-zachodniej części Oceanu Indyjskiego, około 900 km na wschód od Madagaskaru. Wyspa jest częścią archipelagu Maskarenów. Poza wyspą do ___ należą wyspy: Rodrigues (w odległości 563 km na wschód od wyspy głównej), archipelag Cargados Carajos (402 km na północ) i Wyspy Agalega (933 km na północ). Około 174 km na południowy zachód od ___ położony jest Reunion.Mauritius
0%
Niewielkie miasto-państwo położone w Europie Południowej nad Morzem Śródziemnym w obrębie Riwiery Francuskiej.Monako
0%
Wyspiarskie państwo położone w zachodniej części Oceanu Spokojnego, w Mikronezji, w odległości około 42 km na południe od równika. Jest obecnie najmniejszą republiką na świecie, zarówno pod względem wielkości (21,3 km kwadratowych), jak i liczby ludności (około 9400 mieszkańców) oraz trzecim, po Monako i Watykanie, najmniejszym państwem na świecie. Wielkość wyłącznej strefy ekonomicznej wynosi 308 480 km², natomiast powierzchnia wód terytorialnych to 41 km².Nauru
0%
Państwo federacyjne położone w zachodniej i środkowej Europie. Składa się z 16 krajów związkowych (landów), a jego stolicą i największym miastem jest Berlin. Państwo ma powierzchnię 357 578 km² i panuje w nim klimat umiarkowany. Z około 83 milionami mieszkańców jest najludniejszym państwem Unii Europejskiej. Stanowi czołowe pod względem gospodarczym i politycznym państwo Europy.Niemcy
0%
Państwo położone w Afryce Zachodniej na Saharze, bez dostępu do morza. ___ liczy ponad 1,3 mln km² powierzchni. Graniczy z Algierią (956 km), Libią (354 km), Czadem (1175 km), Nigerią (1497 km), Beninem (266 km), Burkina Faso (628 km) i z Mali (821 km). W 2011 roku w państwie mieszkało 15 306 252 osób. Kraj uzyskał niepodległość 3 sierpnia 1960 roku. Językiem urzędowym jest francuski. ___ dzieli się na 7 departamentów i jeden dystrykt stołeczny. Stolicą jest Niamey.Niger
0%
Państwo w Europie Północnej będące monarchią konstytucyjną, którego terytorium obejmuje zachodnią i północną część Półwyspu Skandynawskiego, Jan Mayen, Svalbard, Wyspę Bouveta i Lofoty. Ma łączną powierzchnię 385 207 km² i liczy 5 367 580 mieszkańców (2015). Graniczy ze Szwecją niemal na całej długości granicy; znacznie krótsze odcinki oddzielają ___ od Finlandii i Rosji. Kraj ma również granicę morską (przez cieśninę Skagerrak) z Danią.Norwegia
0%
Państwo wyspiarskie położone na południowo-zachodnim Pacyfiku, w Australazji, na południowy wschód od Australii. Składa się z dwóch głównych wysp (Północnej i Południowej) oraz szeregu mniejszych, w tym wyspy Stewart i wysp Chatham. W skład ___ (a dokładniej w skład królestwa stowarzyszeniowego ___, połączonego unią personalną z Wielką Brytanią i innymi królestwami stowarzyszeniowymi) wchodzą również terytoria stowarzyszone z ___ lub od niej zależne: Wyspy Cooka i Niue, które są samorządne oraz Tokelau i Dependencja Rossa. Stolicą jest Wellington, natomiast największym miastem jest Auckland, w którym mieszka 1,5 mln osób (ok. 29% ludności państwa).Nowa Zelandia
0%
Wyspiarskie państwo samorządowe, stowarzyszone ze Stanami Zjednoczonymi, położone na Oceanie Spokojnym, w Oceanii oraz w Mikronezji, ok. 1160 km na południe od Guam, ok. 800 km na wschód od Filipin i 3200 km na południe od Tokio. Obejmuje zachodnią część archipelagu Karolinów oraz 4 pojedyncze wyspy koralowe (Sonsorol, Merir, Pulo Anna i Tobi) i atol Helen (łącznie ponad 250 wysp).Palau
0%
Państwo położone na południowym krańcu Afryki.Republika Południowej Afryki
0%
Państwo w Ameryce Środkowej na Morzu Karaibskim.Saint Kitts i
Nevis
0%
Wyspiarskie państwo na Morzu Karaibskim, w archipelagu Małych Antyli. Oprócz wyspy ___ obejmuje położoną na południe od niej północną część archipelagu ___(jego południowa część należy do Grenady).Saint Vincent i
Grenadyny
0%
Państwo w Ameryce Środkowej, leżące nad Oceanem Spokojnym ze stolicą San Salvador. Graniczy z Gwatemalą (203 km) i Hondurasem (342 km).Salwador
0%
Państwo w Europie Południowej, na Półwyspie Bałkańskim, śródlądowe, powstałe 5 czerwca 2006 po rozpadzie federacji ___ i Czarnogóry. Powierzchnia ___ wynosi 88 361 km² (bez spornego Kosowa 77 474 km²)Serbia
0%
Państwo wyspiarskie na Oceanie Indyjskim, ok. 1600 km od wybrzeży Afryki, położone na północny wschód od Madagaskaru. Najbliższe państwa i terytoria zamorskie to Mauritius i Reunion na południu oraz Malediwy na północnym wschodzie.Seszele
0%
Państwo położone w Europie Środkowej nad morzem Adriatyckim, graniczy od zachodu z Włochami, od północy z Austrią, od wschodu z Węgrami oraz od południa z Chorwacją. Stolicą i największym miastem kraju jest Lublana. ___ jest najzamożniejszym oraz najbardziej rozwiniętym szczególnie pod względem gospodarczym państwem byłej Jugosławii i jednocześnie jednym z najbardziej zamożnych i rozwiniętych krajów Europy Środkowo-Wschodniej.Słowenia
0%
Afrykańskie państwo ze stolicą w Dżubie, powstałe 9 lipca 2011 roku w wyniku odłączenia się od Sudanu, na mocy porozumienia rządu sudańskiego z Ludową Armią Wyzwolenia Sudanu, które zakończyło II wojnę domową w Sudanie – najdłuższą wojnę domową w Afryce.Sudan Południowy
0%
Państwo w północno-wschodniej części Ameryki Południowej, położone nad Oceanem Atlantyckim. ___ stał się holenderską kolonią w 1667 roku. W latach 1804–1816 był w rękach brytyjskich, a następnie powrócił do Holandii. W okresie 1828–1848 tworzył wraz z Antylami Holenderskimi Holenderskie Indie Zachodnie. 20 września 1948 roku ___ stał się równouprawnioną częścią Holandii. W 1954 roku otrzymał status holenderskiego terytorium zamorskiego i autonomię. ___ niepodległość uzyskał 25 listopada 1975 roku.Surinam
0%
Państwo w Europie Północnej, zaliczane do państw skandynawskich. ___ jest członkiem Unii Europejskiej od 1995 roku. Z około 10,3 mln mieszkańców jest najludniejszym krajem skandynawskim. Graniczy z Norwegią, Finlandią oraz z Danią przez most nad cieśniną Öresund.Szwecja
0%
Państwo nieuznawane przez większość społeczności międzynarodowej, leżące w Azji wschodniej głównie na wyspie ___ u wybrzeży Chińskiej Republiki Ludowej. ___ kontroluje również wyspy Peskadory, Kinmen i Mazu, a cały obszar będący pod kontrolą rządu nazywany jest oficjalnie wolnym obszarem RCh.Tajwan
0%
Państwo leżące na archipelagu o tej samej nazwie, w Polinezji na południowym Pacyfiku, położone w jednej trzeciej drogi pomiędzy Nową Zelandią a Hawajami, na południe od Samoa, na zachód od Niue i na wschód od Fidżi. Jedno z nielicznych państw pozaeuropejskich, które nigdy nie utraciły suwerenności.Tonga
0%
Państwo położone w Azji Środkowej, na północ od gór Kopet-Dag, pomiędzy Morzem Kaspijskim a Amu-darią. Kraj rozciąga się na 1110 km od wschodu do zachodu oraz na 650 km z północy na południe.Turkmenistan
0%
Państwo we wschodniej Afryce nad Jeziorem Wiktorii, o pow. 241 tys. km². Graniczy z Sudanem Południowym, Demokratyczną Republiką Konga, Rwandą, Tanzanią i Kenią. Nazwa pochodzi od plemienia Buganda, zajmującego regiony na południu. Tam też znajduje się stolica ___, Kampala. Kraj jest słabo rozwinięty, ludność zajmuje się głównie rolnictwem i hodowlą. Nie ma dostępu do morza.Uganda
0%
Państwo położone w Azji Środkowej, członek Wspólnoty Niepodległych Państw. Jest krajem podwójnie śródlądowym.Uzbekistan
0%
Państwo w Afryce Zachodniej położone na północnym wybrzeżu Zatoki Gwinejskiej, nad Oceanem Atlantyckim. Graniczy na północy z Mali i Burkiną Faso, na południowym zachodzie z Liberią, na północnym zachodzie z Gwineą, a na wschodzie z Ghaną. Na stosunkowo dużej powierzchni kraju, wynoszącej 322,5 tys. km², żyją przedstawiciele ponad 60 różnych grup etnicznych, należących do trzech afrykańskich rodzin językowych. Pod względem wyznaniowym w ___ występuje duże zróżnicowanie – największą grupą są muzułmanie, ale mieszkają tu również katolicy, protestanci oraz inne mniejsze lokalne grupy religijne, głównie animistyczne.Wybrzeże Kości Słoniowej
0%
Państwo wyspiarskie na Oceanie Spokojnym, położone na północ od Nauru i Kiribati, na wschód od Mikronezji oraz na południe od amerykańskiej wyspy Wake.Wyspy Marshalla
0%
Państwo arabskie na Bliskim Wschodzie, położone nad Zatoką Perską i Omańską, składające się z siedmiu emiratów: Abu Zabi, Dubaj, Szardża, Adżman, Umm al-Kajwajn, Ras al-Chajma i Fudżajra. Graniczy z Arabią Saudyjską i Omanem.Zjednoczone
Emiraty Arabskie
0%

Rozkład punktacji

Percentyl według liczby udzielonych odpowiedzi

Procent ludzi z każdym wynikiem

Twoja historia wyników

Nie rozwiązałeś tego quizu